000 00630nam a2200205Ia 4500
001 15790
003 GE_BSU
008 181216s||||||||xx |||||||||||||| ||und||
040 _cGE_BSU
080 _a821.353.1-32
100 _aჭილაია, სერგი (1912-1992)
245 _aქრონიკები.
245 _cრედ.ქ.კვინტრაძე. მხატვ.ვ.გაბელია
260 _aთბილისი
260 _bსაბჭ. საქართველო
260 _c1984
300 _a483გვ. ; 22სმ.
653 _aქრონიკები.
942 _cBK
999 _c48887
_d48887